Normal view
MARC view
- Muhammad Ammad Ullah
Entry Personal Name
001 - CONTROL NUMBER
- control field: 91274
003 - CONTROL NUMBER IDENTIFIER
- control field: NUST
005 - DATE AND TIME OF LATEST TRANSACTION
- control field: 20220429100637.0
008 - FIXED-LENGTH DATA ELEMENTS
- fixed length control field: 220429|| aca||aabn | a|a d
040 ## - CATALOGING SOURCE
- Original cataloging agency: NUST
- Transcribing agency: NUST
100 ## - HEADING--PERSONAL NAME
- Personal name: Muhammad Ammad Ullah
670 ## - SOURCE DATA FOUND
- Source citation: Work cat.: (NUST): Muhammad Ammad Ullah, TH-SOF-1987-Impact of Psychological Contract Breach on Employee Engagement in Manufacturing Sector of Pakistan, 2022.
